Liste des Pokémon de type Combat - Statistiques

Statistiques générales
  • Ce quiz a été pris 2 867 fois
    252 depuis la dernière actualisation
  • Le résultat moyen est 67 sur 86
Statistiques - réponses
Pokémon % Correct
Machoc
97%
Machopeur
97%
Braségali / Méga-Braségali
96%
Kicklee
96%
Mackogneur
96%
Tygnon
96%
Debugant
94%
Kapoera
94%
Lucario / Méga-Lucario / Méga-Lucario Z
94%
Riolu
94%
Galifeu
93%
Charmina / Méga-Charmina
91%
Chimpenfeu
91%
Méditikka
91%
Simiabraz
91%
Bétochef
90%
Brutalibré / Méga-Brutalibré
90%
Charpenti
90%
Cobaltium
90%
Colossinge
90%
Férosinge
90%
Ouvrifier
90%
Hariyama
88%
Makuhita
88%
Terrakium
88%
Arceus (Combat)
87%
Judokrak
87%
Viridium
87%
Silvallié (Type : Combat)
86%
Keldeo
85%
Blindépique / Méga-Blindépique
84%
Grotichon
84%
Karaclée
84%
Roitiflam / Méga-Roitiflam
84%
Tartard
84%
Crabominable / Méga-Crabominable
82%
Shifours
82%
Kungfouine
81%
Shaofouine
81%
Crabagarre
80%
Gallame / Méga-Gallame
80%
Mouscoto
80%
Poulpaf
80%
Chapignon
79%
Coatox
79%
Cradopaud
79%
Ékaïser
79%
Marshadow
79%
Pandarbare
79%
Wushours
79%
Écaïd
78%
Krakos
78%
Courrousinge
77%
Pandespiègle
77%
Baggaïd / Méga-Baggaïd
74%
Baggiguane
74%
Scarhino / Méga-Scarhino
74%
Koraidon
73%
Cancrelove
71%
Garde-de-Fer
71%
Palmaval
71%
Zamazenta
71%
Pohmarmotte
70%
Flamenroule
69%
Quartermac
69%
Chelours
67%
Fort-Ivoire
67%
Paume-de-Fer
67%
Archéduc de Hisui
65%
Nounourson
64%
Hexadron / Méga-Hexadron
63%
Méga-Lockpin
63%
Meloetta (Forme Danse)
63%
Pohmotte
63%
Électhor de Galar
60%
Palarticho
58%
Fragilady de Hisui
57%
Tauros de Paldea
57%
Canarticho de Galar
56%
Farfurex
56%
Farfuret de Hisui
54%
Félicanis
54%
Méga-Mewtwo X
51%
Méga-Étouraptor
50%
Rampe-Ailes
48%
Méga-Golgopathe
46%
Aucun quiz correspondant
Distribution des résultats
% des personnes avec chaque résultat
Percentile par nombre de réponses
Votre historique - résultats
Vous n’avez pas pris ce quiz depuis la dernière actualisation